OneWorld Airline Alliance - Statistics

General Stats
  • This quiz has been taken 75 times
  • The average score is 13 of 15
Answer Stats
Country Airline % Correct
Australia Qantas
100%
USA American Airlines
98%
UK British Airways
98%
Finland Finnair
98%
Spain Iberia
94%
Qatar Qatar Airways
94%
Hong Kong Cathay Pacific
92%
Chile LAN Airlines
92%
Japan Japan Airlines
90%
Malaysia Malaysia Airlines
85%
Jordan Royal Jordanian
83%
Brazil TAM Airlines
83%
Germany Air Berlin
79%
Sri Lanka SriLankan Airlines
77%
Russia S7 Airlines
65%
No matching quizzes found
Score Distribution
Percent of People with Each Score
Percentile by Number Answered
Your Score History
You have not taken this quiz